Busiest Airports by Aircraft Movements - Statistics

General Stats
  • This quiz has been taken 132 times
  • The average score is 8 of 11
Answer Stats
Total Movements (2017) City % Correct
883,680 Atlanta
94%
702,432 Los Angeles
88%
860,049 Chicago
85%
481,914 Paris
81%
655,287 Dallas/Fort Worth
76%
595,686 Beijing
75%
493,286 Shanghai
70%
575,735 Denver
56%
512,496 Amsterdam
52%
465,555 Toronto
50%
553,555 Charlotte
25%
No matching quizzes found
Score Distribution
Percent of People with Each Score
Percentile by Number Answered
Your Score History
You have not taken this quiz